| 000 | 00998nam a2200325 a 4500 | ||
|---|---|---|---|
| 999 |
_c142108 _d142108 |
||
| 001 | vtls000673084 | ||
| 003 | PNM | ||
| 005 | 20180728150152.0 | ||
| 008 | 120410t20112011my | g | 000 1 may | ||
| 015 | _aM12-05226 | ||
| 020 |
_a9789673910298 : _cRM25.60 _qpaperback |
||
| 039 | 9 |
_a201210041010 _bnorizan _c201207021054 _dzalina _c201207021040 _dzalina _c201206251054 _dnooraini |
|
| 040 |
_aBNM _cPNM _beng _dPPAK _erda |
||
| 049 | _aklpmal | ||
| 082 | 0 | 4 |
_a899.233 _223 |
| 090 | 0 | 0 |
_a899.233 _bIEY _dG |
| 100 | 0 |
_aIeyzza Kasturi _eauthor |
|
| 245 | 1 | 0 |
_aAyah / _cIeyzza Kasturi |
| 264 |
_aSeri Kembangan, Selangor : _bPenerbitan Premier, _c2011 |
||
| 264 | 4 | _c© 2011 | |
| 300 |
_a94 pages ; _c21 cm |
||
| 336 |
_2rdacontent _atext |
||
| 337 |
_2rdamedia _aunmediated |
||
| 338 |
_2rdacarrier _avolume |
||
| 490 | 1 | _aSIRI NOVEL REMAJA 1MALAYSIA | |
| 650 | 1 | 0 | _aYoung adult fiction, Malay |
| 650 | 2 | 0 | _aMalaysian fiction (Malay) |
| 830 | 0 | _aSiri novel remaja 1Malaysia | |
| 942 |
_2ddc _cB |
||